Narkala marappa shetty: Baduku baraha (Record no. 214942)

MARC details
000 -LEADER
fixed length control field 00747nam a2200217Ia 4500
003 - CONTROL NUMBER IDENTIFIER
control field OSt
005 - DATE AND TIME OF LATEST TRANSACTION
control field 20251128114933.0
008 - FIXED-LENGTH DATA ELEMENTS--GENERAL INFORMATION
fixed length control field 210719s2005 xx 000 0 und d
040 ## - CATALOGING SOURCE
Transcribing agency AL
041 ## - LANGUAGE CODE
Language code of text/sound track or separate title Kannada
082 ## - DEWEY DECIMAL CLASSIFICATION NUMBER
Classification number K894.9 NARN
100 ## - MAIN ENTRY--PERSONAL NAME
Personal name NARKALA RAGHUNATHA SHETTY
Dates associated with a name ನರ್ಕಳ ರಘುನಾಥ ಶೆಟ್ಟಿ
9 (RLIN) 247100
245 ## - TITLE STATEMENT
Title Narkala marappa shetty: Baduku baraha
Remainder of title ನರ್ಕಳ ಮಾರಪ್ಪ ಶೆಟ್ಟಿ: ಬದುಕು ಬರಹ
260 ## - PUBLICATION, DISTRIBUTION, ETC.
Place of publication, distribution, etc. Bengaluru
Name of publisher, distributor, etc. Bhagyalakshmi Prakashana
Date of publication, distribution, etc. 2005
300 ## - PHYSICAL DESCRIPTION
Extent 353
Other physical details PB
365 ## - TRADE PRICE
Price amount 175
Currency code Rs
650 ## - SUBJECT ADDED ENTRY--TOPICAL TERM
Topical term or geographic name entry element Kannada Criticism
9 (RLIN) 247101
650 ## - SUBJECT ADDED ENTRY--TOPICAL TERM
Topical term or geographic name entry element Kannada Criticism
9 (RLIN) 247101
906 ## - LOCAL DATA ELEMENT F, LDF (RLIN)
a Baduku ; baraha ; marappa ; Narkala ; shetty
942 ## - ADDED ENTRY ELEMENTS (KOHA)
Source of classification or shelving scheme Dewey Decimal Classification
Koha item type Book
Holdings
Withdrawn status Lost status Source of classification or shelving scheme Damaged status Not for loan Collection code Home library Current library Date acquired Cost, normal purchase price Total Checkouts Full call number Barcode Date last seen Price effective from Koha item type
    Dewey Decimal Classification     Kannada St Aloysius Library St Aloysius Library 11/29/2008 175.00   K894.9 NARN D03558 07/19/2021 07/19/2021 Donated Books